| 000 | 00849nam a22002057a 4500 | ||
|---|---|---|---|
| 999 |
_c20976 _d20976 |
||
| 003 | AR-CdUCM | ||
| 008 | 190723b ||||| |||| 00| 0 spa d | ||
| 040 |
_aMUNICIPALIDAD PROVINCIAL DEL CUSCO _cBIBLIOTECA MUNICIPAL DEL CUSCO |
||
| 082 |
_aC / 343.332 / _bB25 |
||
| 100 |
_aBarrionuevo, Roberto _93424 |
||
| 245 | _aComentarios sobre administración de justicia / | ||
| 260 |
_aCusco : _bEl Comercio, _c1959. |
||
| 300 |
_a105 páginas ; _c21 cm. |
||
| 505 | _aContenido : Abigeato -- Anteproyecto de Ley especial represora del abigeato -- Situación privilegiada del instructor -- Inauguración del tercer Tribunal correccional -- El presupuesto familiar del Juez -- Independencia del poder Judicial. | ||
| 650 |
_aAdministracion judicial _943765 |
||
| 650 |
_aAbigeato _943766 |
||
| 650 |
_aCusco _9772 |
||
| 942 |
_2ddc _cLIBROS |
||
| 945 | _azta | ||